Gares de la ligne de chemin de fer de Rennes à Saint Malo - Statistiques

Statistiques générales
  • Ce quiz a été pris 50 fois
  • Le résultat moyen est 8 sur 14
Statistiques - réponses
Nombre de voyageurs (2023) Gare % Correct
15 169 003 Rennes
100%
1 703 866 Saint-Malo
100%
605 945 Dol-de-Bretagne
76%
363 931 Pontchaillou
76%
542 017 Combourg
74%
12 782 Dingé
52%
333 348 Montreuil-sur-Ille
50%
21 884 La Fresnais
48%
93 491 Betton
43%
52 387 Saint-Medard-sur-Ille
35%
8 888 Bonnemain
33%
78 469 Chevaigné
28%
82 209 Saint Germain-sur-Ille
28%
85 333 La Gouesnière - Cancale - Saint-Méloir-des-Ondes
15%
Aucun quiz correspondant
Distribution des résultats
% des personnes avec chaque résultat
Percentile par nombre de réponses
Votre historique - résultats
Vous n’avez pas pris ce quiz